Dog Breeds - Sudden Death - Statistics

General Stats
  • This quiz has been taken 131 times
  • The average score is 11 of 17
Answers on the Grid
Answers color-coded by a green-red scale on the quiz's grid according to % correct below.
African Grey
Akbash
Akita
Alaskan Malamute
American Curl
Australian Silky Terrier
Bichon Frise
Bombay
Cavalier King Charles
Chow Chow
Dobermann
Halibut
Havanese
Japanese Bobtail
Lhasa Apso
Maine Coon
Maltese
Mandrill
Papillon
Persian
Ragdoll
Red Colobus
Rottweiler
Russian Blue
Shar Pei
Shiba Inu
Siamese
Somali
Tarpon
Ussuri
Vizsla
Whippet
 
Answer Stats
Answer % Correct
Dobermann
85%
Chow Chow
83%
Rottweiler
79%
Akita
78%
Alaskan Malamute
76%
Cavalier King Charles
72%
Bichon Frise
70%
Shiba Inu
70%
Whippet
69%
Maltese
68%
Shar Pei
67%
Australian Silky Terrier
63%
Papillon
58%
Havanese
49%
Lhasa Apso
48%
Vizsla
44%
Akbash
23%
No matching quizzes found
Score Distribution
Percent of People with Each Score
Percentile by Number Answered
Your Score History
You have not taken this quiz